The Vedic Philosophy or an exposition of the sacred and mysterious monosyllable aum: (Record no. 49508)

000 -LEADER
fixed length control field 00569nam a22001691a 4500
020 ## - INTERNATIONAL STANDARD BOOK NUMBER
ISBN 9788170209713
082 ## - DEWEY DECIMAL CLASSIFICATION NUMBER
Classification number 294.592 18
Item number HAR/V
245 ## - TITLE STATEMENT
Title The Vedic Philosophy or an exposition of the sacred and mysterious monosyllable aum:
Sub Title the Mandukya Upanishad (text) with English translation,Commentary and an introduction/
Statement of responsibility, etc by Har Narayana (tr.)
260 ## - PUBLICATION, DISTRIBUTION, ETC. (IMPRINT)
Place of publication New Delhi:
Name of publisher Cosmo,
Year of publication 2000.
300 ## - PHYSICAL DESCRIPTION
Number of Pages 128p.
650 ## - SUBJECT ADDED ENTRY--TOPICAL TERM
Topical Term Mandukya Upanishad
650 ## - SUBJECT ADDED ENTRY--TOPICAL TERM
Topical Term Vedic Literature
650 ## - SUBJECT ADDED ENTRY--TOPICAL TERM
Topical Term Hinduism
650 ## - SUBJECT ADDED ENTRY--TOPICAL TERM
Topical Term Religion
700 ## - ADDED ENTRY--PERSONAL NAME
Personal name Har Narayana (tr.)
942 ## - ADDED ENTRY ELEMENTS (KOHA)
Koha item type Book
Holdings
Withdrawn status Lost status Damaged status Not for loan Permanent Location Current Location Date acquired Cost, normal purchase price Full call number Accession Number Cost, replacement price Price effective from Koha item type
        Sree Sankaracharya University of Sanskrit Sree Sankaracharya University of Sanskrit 08.01.2015 325.00 294.592 18 HAR/V 018545 0.00 08.01.2015 Book
        Sree Sankaracharya University of Sanskrit Sree Sankaracharya University of Sanskrit 08.01.2015 325.00 294.592 18 HAR/V 037867 0.00 08.01.2015 Book